County Towns of England on a Map - Statistics

General Stats
  • This quiz has been taken 43 times
  • The average score is 31 of 47
Answers on the Map
Answers color-coded by a green-red scale on the quiz's map according to % correct below.
 
Answer Stats
County Town % Correct
City of London London
97%
Tyne and Wear Newcastle
94%
Merseyside Liverpool
91%
Norfolk Norwich
91%
West Midlands Birmingham
89%
Cambridgeshire Cambridge
89%
Derbyshire Derby
89%
Greater Manchester Manchester
89%
Oxfordshire Oxford
89%
Bristol Bristol
86%
Cheshire Chester
86%
Gloucestershire Gloucester
86%
Lancashire Lancaster
86%
Lincolnshire Lincoln
86%
Nottinghamshire Nottingham
86%
Cumbria Carlisle
83%
Durham Durham
83%
Devon Exeter
80%
Leicestershire Leicester
80%
Northamptonshire Northampton
80%
Worcestershire Worcester
80%
Bedfordshire Bedford
77%
Herefordshire Hereford
77%
Hertfordshire Hertford
74%
Suffolk Ipswich
71%
Berkshire Reading
71%
Staffordshire Stafford
71%
Cornwall Truro
69%
Warwickshire Warwick
69%
Hampshire Winchester
63%
Essex Chelmsford
54%
Shropshire Shrewsbury
54%
West Sussex Chichester
51%
Dorset Dorchester
46%
Kent Maidstone
40%
Somerset Taunton
40%
Buckinghamshire Aylesbury
37%
West Yorkshire Wakefield
37%
South Yorkshire Barnsley
34%
Surrey Guildford
34%
Isle of Wight Newport
34%
Rutland Oakham
34%
East Sussex Lewes
31%
North Yorkshire Northallerton
29%
East Riding of Yorkshire Beverley
23%
Wiltshire Trowbridge
23%
Northumberland Morpeth
14%
No matching quizzes found
Score Distribution
Percent of People with Each Score
Percentile by Number Answered
Your Score History
You have not taken this quiz